00442nam a22001457a 450000500170000000800410001702000160005804100130007408200140008710000280010124500600012926000510018930000310024065000250027120231031121429.0231031b |||||||| |||| 00| 0 eng d a0702109908  aEnglish  a346.6 MAC aMacGregor, IHlEnglish  aMergers, Acquisitions and Shareholders /cIH MacGregor  aCape Town : bJuta and Company Limited, c1979 bxix, 156 pages ; c25 cm.  alegal practice bLaw